| 000 | 00470nam a2200181 4500 | ||
|---|---|---|---|
| 001 | 44797 | ||
| 090 | _a44797 | ||
| 100 | _a20250919 pory50 | ||
| 101 |
_apor _ait |
||
| 102 | _aPT | ||
| 200 |
_aMichelangelo _einfinito _frealiz. Emanuele Imbucci _garg. Cosetta Lagani |
||
| 210 |
_aItália _cFesta do Cinema Italiano .com _d2019 |
||
| 215 | _a1 DVD | ||
| 225 |
_aA grande Arte no Cinema _v8 |
||
| 300 | _aM/12 95 m. | ||
| 675 | _a7 | ||
| 801 |
_aPT _gRPC |
||
| 990 | _cFILMES DVD | ||